00426 a2200097 4500001001000000005001700010008004100027245018200068100002200250773005600272ART_4658420260410161827.0260409a 10aTendencias de cambio en la enseñanza universitaria, aportes para el debate macro y micfro en la Facultad de Ciencias Económicas y Sociales de la Universidad de Mar del Plata1 aHammond, Fernando0 tFACESg- Año 22, Nº 47 (jul./dic. 2016)wREV5046